000
00193nam a22000977a 4500
041
_a
eng
080
_a
80
100
_a
Sukar, Jim
245
_a
Great Quicksolve Whodunit Puzzles.
999
_c
282715
_d
282715
942
_c
BK